Թվային կառավարման համակարգերի նախագծում : (Record no. 376562)
[ view plain ]
| 000 -LEADER | |
|---|---|
| fixed length control field | 01179nam a2200241 a 4500 |
| 001 - CONTROL NUMBER | |
| control field | 001181765 |
| 003 - CONTROL NUMBER IDENTIFIER | |
| control field | AM-YeHGA |
| 005 - DATE AND TIME OF LATEST TRANSACTION | |
| control field | 20250618074613.0 |
| 008 - FIXED-LENGTH DATA ELEMENTS--GENERAL INFORMATION | |
| fixed length control field | 161012s2016 ai k|||erf||||001|0|arm|| |
| 020 ## - INTERNATIONAL STANDARD BOOK NUMBER | |
| International Standard Book Number | 9789939724133 |
| 040 ## - CATALOGING SOURCE | |
| Original cataloging agency | AM-YeHGA |
| 041 0# - LANGUAGE CODE | |
| Language code of text/sound track or separate title | arm |
| 090 ## - LOCALLY ASSIGNED LC-TYPE CALL NUMBER (OCLC); LOCAL CALL NUMBER (RLIN) | |
| -- | 378472 |
| 100 1# - MAIN ENTRY--PERSONAL NAME | |
| Personal name | Բալասանյան, Սեյրան Շամիրի, |
| Dates associated with a name | 1945- |
| 9 (RLIN) | 3608 |
| 245 10 - TITLE STATEMENT | |
| Title | Թվային կառավարման համակարգերի նախագծում : |
| Remainder of title | Ուսումնական ձեռնարկ / |
| Statement of responsibility, etc. | Ս.Շ. Բալասանյան; Մ.Ա. Աղագուլյան; [Խմբագիր՝ Ն.Ա. Խաչատրյան]; ՀՀ ԿԳՆ, ՀԱՊՀ Կապանի մասնաճյուղ. |
| 260 ## - PUBLICATION, DISTRIBUTION, ETC. | |
| Place of publication, distribution, etc. | Երևան : |
| Name of publisher, distributor, etc. | Ճարտարագետ, |
| Date of publication, distribution, etc. | 2016. |
| 300 ## - PHYSICAL DESCRIPTION | |
| Extent | 96 էջ : |
| Other physical details | գծանկար ; |
| Dimensions | 21 սմ. |
| 650 14 - SUBJECT ADDED ENTRY--TOPICAL TERM | |
| Topical term or geographic name entry element | Թվային կառավարման համակարգեր |
| Form subdivision | Ուսումնական ձեռնարկներ |
| 700 1# - ADDED ENTRY--PERSONAL NAME | |
| Personal name | Աղագուլյան Մանե Անդրանիկի |
| 700 1# - ADDED ENTRY--PERSONAL NAME | |
| Personal name | Խաչատրյան, Ն.Ա |
| Relator term | խմբագիր |
| Relationship | edt |
| 710 2# - ADDED ENTRY--CORPORATE NAME | |
| Corporate name or jurisdiction name as entry element | Հայաստանի ազգային պոլիտեխնիկակական համալասարան : |
| Subordinate unit | Կապանի մասնաճյուղ |
| 901 ## - LOCAL DATA ELEMENT A, LDA (RLIN) | |
| a | NLAACSG |
| Withdrawn status | Lost status | Damaged status | Not for loan | Collection | Home library | Current library | Date acquired | Cost, normal purchase price | Shelving control number | Total checkouts | Full call number | Barcode | Date last seen | Price effective from | Koha item type | Public note |
|---|---|---|---|---|---|---|---|---|---|---|---|---|---|---|---|---|
| General | Fundamental Scientific Library | Fundamental Scientific Library | 11/01/2017 | 520.00 | AII/101966 | FL0438030 | 11/01/2017 | 11/01/2017 | Գրքեր / Books | 30 Days Loan | ||||||
| General | Fundamental Scientific Library | Fundamental Scientific Library | 11/01/2017 | 520.00 | AII/101968 | FL0438031 | 11/01/2017 | 11/01/2017 | Գրքեր / Books | 30 Days Loan |
ՀՀ Գիտությունների ազգային ակադեմիայի հիմնարար գիտական գրադարան = Fundamental Scientific Library of NAS RA
All site content, except where otherwise noted, is licensed under a